[Event "ENG-ch Schools"]
[Site "Nottingham"]
[Date "2025.06.25"]
[Round "3.3"]
[White "Moore, Ryan"]
[Black "Li, Yueci"]
[Result "0-1"]
[WhiteElo "1710"]
[BlackElo "1717"]
[PlyCount "102"]
[EventDate "2025.06.25"]
[EventType "team-swiss"]
[EventRounds "6"]
[EventCountry "ENG"]
[SourceTitle "CB27_2025"]
[SourceDate "2025.07.02"]
[SourceVersion "1"]
[SourceVersionDate "2025.07.02"]
[SourceQuality "1"]
[WhiteTeam "King Edward"]
[BlackTeam "Eltham College"]
[WhiteTeamCountry "ENG"]
[BlackTeamCountry "ENG"]

1. e4 c5 2. Nf3 e6 3. d4 cxd4 4. Nxd4 Nc6 5. Be3 Nf6 6. f3 d6 7. Bb5 Qc7 8. c4 Be7 9. Nc3 0-0 10. Bxc6 bxc6 11. 0-0 Bb7 12. f4 a6 13. Qc2 c5 14. Nf3 Nd7 15. Rad1 Nb8 16. e5 Bxf3 17. Rxf3 dxe5 18. Rh3 f5 19. fxe5 Qxe5 20. Qf2 f4 21. Bc1 Nc6 22. Re1 Qf5 23. Ne4 Nd4 24. b4 f3 25. bxc5 Ne2+ 26. Rxe2 fxe2 27. Qxe2 Bxc5+ 28. Nxc5 Qxc5+ 29. Qe3 Qxe3+ 30. Bxe3 Rab8 31. g4 Rb1+ 32. Kg2 Rb2+ 33. Kg3 Rxa2 34. Rh5 Ra3 35. Re5 Rf1 36. Rxe6 Kf7 37. Re4 a5 38. Kg2 Rf6 39. h4 a4 40. c5 Ra2+ 41. Kg3 Ra6 42. Rd4 a3 43. Rd7+ Kf8 44. Bf4 Re2 45. Kf3 a2 46. Rd1 Rb2 47. Ra1 Rb1 48. Be5 Rxa1 49. Bxa1 Rc6 50. Bd4 Kf7 51. Ke4 Rxc5 0-1

[Event "ECF Schools-ch"]
[Site "Nottingham"]
[Date "2024.06.28"]
[Round "4.3"]
[White "Karim, Taha"]
[Black "Moore, Ryan"]
[Result "0-1"]
[WhiteElo "1692"]
[BlackElo "1553"]
[PlyCount "105"]
[EventDate "2024.06.27"]
[EventType "team-swiss"]
[EventRounds "5"]
[EventCountry "ENG"]
[SourceTitle "EXT 2025"]
[Source "ChessBase"]
[SourceDate "2024.10.14"]
[SourceVersion "1"]
[SourceVersionDate "2024.10.14"]
[SourceQuality "1"]
[WhiteTeam "King Edward VI Camp Hill School"]
[BlackTeam "King Edward School"]
[WhiteTeamCountry "ENG"]
[BlackTeamCountry "ENG"]

1. b3 Nf6 2. Bb2 d5 3. Nf3 Bf5 4. g3 Nbd7 5. Bg2 e6 6. 0-0 Bd6 7. d3 h6 8. Nbd2 Bh7 9. Re1 0-0 10. e4 dxe4 11. dxe4 Bc5 12. h3 Nb6 13. a4 Qe7 14. a5 Nbd7 15. Ne5 Nxe5 16. Bxe5 Rfd8 17. Qe2 Rd7 18. c3 a6 19. b4 Ba7 20. Nb3 Rad8 21. b5 axb5 22. Qxb5 c6 23. Qc4 Nh5 24. a6 Qg5 25. Bd4 Bxd4 26. cxd4 bxa6 27. Rxa6 e5 28. dxe5 Qxe5 29. Rxc6 Nf6 30. f4 Qb2 31. Re2 Qb1+ 32. Kh2 Qd1 33. Qc2 h5 34. Qxd1 Rxd1 35. e5 Nd5 36. Bxd5 R1xd5 37. e6 Bd3 38. exf7+ Kxf7 39. Rd2 Rb8 40. Nc5 Bc4 41. Rc7+ Kg6 42. Rf2 Rd1 43. f5+ Kh6 44. Nd7 Bd5 45. g4 h4 46. g5+ Kh5 47. Nf6+ gxf6 48. Rh7+ Kxg5 49. Rg7+ Kh6 50. Rfg2 Bxg2 51. Rxg2 Rbb1 52. Rg6+ Kh5 53. Rxf6 0-1